Statistiques concernant Paroles PLK - Monégasque

Cliquez ici pour prendre le quiz!

Statistiques générales

  • Ce quiz a été pris 145 fois
  • Le résultat moyen est 307 sur 479

Statistiques - réponses

Réponse% Correct
à
99%
a
99%
mon
99%
gauche
94%
je
94%
la
94%
monégasque
94%
droite
93%
on
93%
pour
93%
quelques
93%
ronds
93%
mes
92%
tout
92%
dans
90%
de
90%
monnaie
90%
pas
90%
donc
89%
fais
89%
ça
88%
veut
88%
zone
87%
bails
86%
finir
85%
le
83%
keufs
81%
cash
80%
les
78%
des
65%
ma
64%
au
59%
condés
59%
fait
58%
en
57%
m'interpellent
51%
et
50%
tel
50%
48%
ou
48%
un
48%
j'ai
46%
ken
46%
ce
44%
quand
43%
tasses
40%
vie
38%
liasses
37%
vu
37%
connu
36%
faire
36%
j'avais
36%
passé
36%
suis
36%
casse
35%
comme
35%
par
35%
rien
35%
faut
34%
jme
33%
j'me
33%
chien
32%
hall
32%
tho-my
32%
anatomy
30%
grey's
30%
jsuis
30%
maintenant
30%
passes
30%
paye
30%
voit
30%
avec
29%
chance
29%
l'agent
29%
mais
29%
mental
29%
tous
29%
une
29%
y'avait
29%
coeur
28%
corps
28%
couru
28%
d'la
28%
l'argent
28%
peine
28%
qu'il
28%
acteur
27%
bien
27%
fallait
27%
folie
27%
plus
27%
volé
27%
jveux
26%
péter
26%
halls
25%
sa
25%
seul
24%
hostile
23%
ils
23%
petit
23%
logique
22%
plaquettes
22%
plongé
22%
soutien
22%
cul
21%
d'impossible
21%
esquimaux
21%
l'époque
21%
maman
21%
millions
21%
Audi
20%
parler
20%
rage
20%
sera
20%
j'étais
19%
fort
18%
j'arriverais
18%
jfaisais
18%
compris
17%
grandi
17%
loups
17%
nuits
17%
ont
17%
pleurer
17%
qu'en
17%
rappelle-toi
17%
travaillant
17%
BM
16%
jdécoupais
16%
toujours
16%
envoie
15%
hey
15%
personne
15%
trois
15%
déjà
14%
depuis
14%
jvais
14%
deux
13%
mère
13%
ouais
13%
place
13%
auprès
12%
carrés
12%
cent
12%
insignes
12%
j'emmerde
12%
jserai
12%
mètres
12%
moins
12%
taudis
12%
était
11%
j'finirai
11%
prendra
11%
principe
11%
question
11%
maudits
10%
jm'envole
8%
gare
7%
masse
7%
rackettait
6%

Distribution des résultats

Percentile par nombre de réponses

% des personnes avec chaque résultat

Votre développement - résultats

Vous n’avez pas pris ce quiz